000 00595nam a2200181 a 4500
008 120416s1970 ||||||||||||||||| || u
020 _a0436067064
050 _aPR 6052.R263P5
100 _aBragg, Melvyn, 1939
245 1 2 _aA place in England
246 _aa novel
260 _aLondon:
_bSecker and Warburg
_c1970
350 _a0.00
650 _aFATHERS AND SONS--FICTION
650 _aENGLISH LANGUAGE
650 _aCUMBERLAND (ENGLAND)--FICTION
995 _D0.00
_FCBU-MAIN LIBRARY (Kitwe)
_H1
_I1.80
_M1
_UAVAILABLE
_ZFiction Collection
999 _c53662
_d53662